Know it all guide : (Record no. 63934)

MARC details
000 -LEADER
fixed length control field 00580nam a22001577a 4500
005 - DATE AND TIME OF LATEST TRANSACTION
control field 20120309163421.0
020 ## - INTERNATIONAL STANDARD BOOK NUMBER
International Standard Book Number 812230866X
Terms of availability 00.00
035 ## - SYSTEM CONTROL NUMBER
System control number B-147458
037 ## - SOURCE OF ACQUISITION
Stock number DPL
Source of stock number/acquisition ENG
100 ## - MAIN ENTRY--PERSONAL NAME
Personal name Copelan, Rachel
245 ## - TITLE STATEMENT
Title Know it all guide :
Remainder of title Advanced hypnotism /
Statement of responsibility, etc by Rachel Copelan
260 ## - PUBLICATION, DISTRIBUTION, ETC. (IMPRINT)
Place of publication, distribution, etc Delhi
Name of publisher, distributor, etc Pustak Mahal
Date of publication, distribution, etc 2004
300 ## - PHYSICAL DESCRIPTION
Extent viii, 250p.
Dimensions 22 cms.
942 ## - ADDED ENTRY ELEMENTS (KOHA)
Source of classification or shelving scheme Dewey Decimal Classification
Item type English Books
Classification part 154.7
Call number suffix COP
Holdings
Withdrawn status Lost status Not for loan Collection code Home library Current library Date acquired Cost, normal purchase price Full call number Barcode Cost, replacement price Koha item type
      Non-fiction Sarojini Nagar Sarojini Nagar 09/03/2012 0.00 154.7 COP B-147458 0.00 English Books

© Delhi Public Library
Hit Counter
free hit counter